[Event "DEM U12 2023"]
[Site "Willingen GER"]
[Date "2023.06.01"]
[Round "7"]
[White "Nezhyvenko, Mykhaylo"]
[Black "Glöckler, Christian"]
[Result "1/2-1/2"]
[Termination "normal"]
[Board "1"]
[BlackTitle "FM"]
[WhiteElo "1787"]
[BlackElo "2288"]
[WhiteClock "01:22:49"]
[BlackClock "01:15:40"]
[PlyCount "41"]
[WhiteFideId "34139885"]
[BlackFideId "34608966"]
[EventCountry "GER"]
[EventRounds "9"]
[EventType "swiss"]
[EventDate "2023.05.27"]

1. e4 {[%clk 01:30:57]} {[%emt 00:00:02]} c5 {[%clk 01:30:51]} {[%emt
00:00:08]} 2. c4 {[%clk 01:31:22]} {[%emt 00:00:05]} Nc6 {[%clk 01:31:13]}
{[%emt 00:00:09]} 3. Nc3 {[%clk 01:31:49]} {[%emt 00:00:04]} g6 {[%clk
01:31:33]} {[%emt 00:00:09]} 4. g3 {[%clk 01:32:10]} {[%emt 00:00:10]} Bg7
{[%clk 01:31:59]} {[%emt 00:00:04]} 5. Bg2 {[%clk 01:32:34]} {[%emt 00:00:05]}
e6 {[%clk 01:32:17]} {[%emt 00:00:12]} 6. Nge2 {[%emt 00:00:09]} Nge7 {[%clk
01:32:19]} {[%emt 00:00:25]} 7. O-O {[%clk 01:33:10]} {[%emt 00:00:18]} O-O
{[%clk 01:32:32]} {[%emt 00:00:17]} 8. d3 {[%clk 01:33:34]} {[%emt 00:00:07]}
d6 {[%clk 01:32:51]} {[%emt 00:00:10]} 9. Be3 {[%clk 01:33:19]} {[%emt
00:00:45]} Nd4 {[%clk 01:32:53]} {[%emt 00:00:28]} 10. f4 {[%clk 01:32:51]}
{[%emt 00:00:58]} Rb8 {[%clk 01:32:27]} {[%emt 00:00:56]} 11. Rb1 {[%clk
01:31:37]} {[%emt 00:01:44]} Nec6 {[%clk 01:31:00]} {[%emt 00:01:57]} 12. a3
{[%clk 01:30:34]} {[%emt 00:01:33]} a5 {[%clk 01:30:33]} {[%emt 00:00:57]} 13.
Nb5 {[%clk 01:25:23]} {[%emt 00:05:41]} Nxb5 {[%clk 01:26:59]} {[%emt
00:04:04]} 14. cxb5 {[%clk 01:25:39]} {[%emt 00:00:14]} Nd4 {[%clk 01:27:21]}
{[%emt 00:00:07]} 15. Nxd4 {[%clk 01:25:56]} {[%emt 00:00:14]} cxd4 {[%clk
01:27:18]} {[%emt 00:00:33]} 16. Bd2 {[%clk 01:26:14]} {[%emt 00:00:12]} Bd7
{[%clk 01:26:00]} {[%emt 00:01:49]} 17. a4 {[%clk 01:26:30]} {[%emt 00:00:14]}
Re8 {[%clk 01:23:31]} {[%emt 00:02:59]} 18. b4 {[%clk 01:25:30]} {[%emt
00:01:29]} axb4 {[%clk 01:23:31]} {[%emt 00:00:30]} 19. Bxb4 {[%clk 01:25:59]}
{[%emt 00:00:02]} Bf8 {[%clk 01:18:21]} {[%emt 00:05:39]} 20. Qb3 {[%clk
01:23:06]} {[%emt 00:03:24]} Rc8 {[%clk 01:15:40]} {[%emt 00:03:10]} 21. Rfc1
{[%clk 01:22:49]} {[%emt 00:00:47]} 1/2-1/2

[Event "DEM U12 2023"]
[Site "Willingen GER"]
[Date "2023.06.01"]
[Round "7"]
[White "Vartanian, Roman"]
[Black "Nemitz, Alfred"]
[Result "0-1"]
[Termination "normal"]
[Board "2"]
[WhiteElo "1619"]
[BlackElo "2079"]
[WhiteClock "00:49:27"]
[BlackClock "00:22:27"]
[PlyCount "120"]
[WhiteFideId "34140107"]
[BlackFideId "34601791"]
[EventCountry "GER"]
[EventRounds "9"]
[EventType "swiss"]
[EventDate "2023.05.27"]

1. d4 {[%clk 01:30:57]} {[%emt 00:00:02]} Nf6 {[%clk 01:30:55]} {[%emt
00:00:05]} 2. c4 {[%clk 01:31:23]} {[%emt 00:00:04]} e6 {[%clk 01:31:22]}
{[%emt 00:00:04]} 3. Nf3 {[%clk 01:31:47]} {[%emt 00:00:05]} Bb4+ {[%clk
01:31:35]} {[%emt 00:00:17]} 4. Bd2 {[%clk 01:32:11]} {[%emt 00:00:07]} Be7
{[%clk 01:31:24]} {[%emt 00:00:41]} 5. Nc3 {[%clk 01:32:35]} {[%emt 00:00:06]}
d5 {[%clk 01:30:38]} {[%emt 00:01:16]} 6. e3 {[%clk 01:32:54]} {[%emt
00:00:11]} O-O {[%clk 01:31:00]} {[%emt 00:00:07]} 7. Bd3 {[%clk 01:32:58]}
{[%emt 00:00:26]} Nbd7 {[%clk 01:30:58]} {[%emt 00:00:33]} 8. O-O {[%clk
01:32:59]} {[%emt 00:00:28]} c5 {[%clk 01:30:44]} {[%emt 00:00:44]} 9. Qc2
{[%clk 01:31:54]} {[%emt 00:01:35]} cxd4 {[%clk 01:30:52]} {[%emt 00:00:22]}
10. exd4 {[%clk 01:32:16]} {[%emt 00:00:08]} dxc4 {[%clk 01:31:16]} {[%emt
00:00:07]} 11. Bxc4 {[%clk 01:31:26]} {[%emt 00:01:20]} h6 {[%clk 01:30:29]}
{[%emt 00:01:16]} 12. Rad1 {[%clk 01:31:28]} {[%emt 00:00:28]} Nb6 {[%clk
01:30:24]} {[%emt 00:00:34]} 13. Bb3 {[%clk 01:31:27]} {[%emt 00:00:32]} Bd7
{[%clk 01:28:56]} {[%emt 00:01:57]} 14. Ne5 {[%clk 01:30:38]} {[%emt 00:01:20]}
Be8 {[%clk 01:27:24]} {[%emt 00:02:01]} 15. Be3 {[%clk 01:26:10]} {[%emt
00:04:59]} Nbd5 {[%clk 01:20:26]} {[%emt 00:07:29]} 16. Qe2 {[%clk 01:14:21]}
{[%emt 00:12:15]} Rc8 {[%clk 01:18:50]} {[%emt 00:02:09]} 17. Rc1 {[%clk
01:14:32]} {[%emt 00:00:20]} Nxc3 {[%clk 01:11:35]} {[%emt 00:07:44]} 18. Rxc3
{[%clk 01:14:02]} {[%emt 00:01:01]} Rxc3 {[%clk 01:10:34]} {[%emt 00:01:31]}
19. bxc3 {[%clk 01:11:59]} {[%emt 00:02:33]} Nd5 {[%clk 01:10:09]} {[%emt
00:00:53]} 20. Bd2 {[%clk 01:09:11]} {[%emt 00:03:19]} f6 {[%clk 00:50:31]}
{[%emt 00:20:07]} 21. Ng4 {[%clk 01:02:34]} {[%emt 00:07:07]} Bf7 {[%clk
00:49:12]} {[%emt 00:01:50]} 22. Nxh6+ {[%clk 00:55:01]} {[%emt 00:08:04]} gxh6
{[%clk 00:48:41]} {[%emt 00:01:01]} 23. Qg4+ {[%clk 00:31:12]} {[%emt
00:24:19]} Kh7 {[%clk 00:44:32]} {[%emt 00:04:37]} 24. Qh3 {[%clk 00:31:10]}
{[%emt 00:00:33]} h5 {[%clk 00:33:18]} {[%emt 00:11:45]} 25. c4 {[%clk
00:30:07]} {[%emt 00:01:33]} Nb6 {[%clk 00:27:35]} {[%emt 00:06:13]} 26. Qe3
{[%clk 00:30:19]} {[%emt 00:00:17]} Re8 {[%clk 00:19:43]} {[%emt 00:08:23]} 27.
d5 {[%clk 00:24:22]} {[%emt 00:06:27]} Bf8 {[%clk 00:19:15]} {[%emt 00:00:57]}
28. Qd4 {[%clk 00:16:47]} {[%emt 00:08:05]} exd5 {[%clk 00:14:44]} {[%emt
00:05:02]} 29. Bc2+ {[%clk 00:16:41]} {[%emt 00:00:35]} Bg6 {[%clk 00:14:07]}
{[%emt 00:01:07]} 30. Bxg6+ {[%clk 00:16:42]} {[%emt 00:00:29]} Kxg6 {[%clk
00:14:35]} {[%emt 00:00:02]} 31. Qd3+ {[%clk 00:16:50]} {[%emt 00:00:21]} Kg7
{[%clk 00:13:35]} {[%emt 00:01:30]} 32. Qg3+ {[%clk 00:16:19]} {[%emt
00:01:02]} Kf7 {[%clk 00:13:49]} {[%emt 00:00:17]} 33. Qd3 {[%clk 00:16:37]}
{[%emt 00:00:11]} Bg7 {[%clk 00:12:26]} {[%emt 00:01:52]} 34. Qf3 {[%clk
00:15:54]} {[%emt 00:01:14]} Nxc4 {[%clk 00:07:24]} {[%emt 00:05:32]} 35. Qxh5+
{[%clk 00:16:17]} {[%emt 00:00:07]} Kg8 {[%clk 00:07:37]} {[%emt 00:00:17]} 36.
Bh6 {[%clk 00:16:16]} {[%emt 00:00:31]} Bxh6 {[%clk 00:06:40]} {[%emt
00:01:27]} 37. Qxh6 {[%clk 00:16:40]} {[%emt 00:00:06]} Qe7 {[%clk 00:06:30]}
{[%emt 00:00:41]} 38. Qg6+ {[%clk 00:17:00]} {[%emt 00:00:09]} Kf8 {[%clk
00:06:58]} {[%emt 00:00:02]} 39. Qh5 {[%clk 00:16:46]} {[%emt 00:00:44]} Qf7
{[%clk 00:05:05]} {[%emt 00:02:22]} 40. Qh8+ {[%clk 00:17:10]} {[%emt
00:00:07]} Ke7 {[%clk 00:05:26]} {[%emt 00:00:10]} 41. Re1+ {[%clk 00:17:11]}
{[%emt 00:00:27]} Kd7 {[%clk 00:04:35]} {[%emt 00:01:22]} 42. Qh3+ {[%clk
00:17:31]} {[%emt 00:00:10]} Kc6 {[%clk 00:04:34]} {[%emt 00:00:26]} 43. Rc1
{[%clk 00:17:36]} {[%emt 00:00:30]} Qe6 {[%clk 00:04:33]} {[%emt 00:00:31]} 44.
Qc3 {[%clk 00:17:58]} {[%emt 00:00:08]} Kc7 {[%clk 00:25:00]} {[%emt 00:10:02]}
45. h3 {[%clk 00:47:55]} {[%emt 00:00:34]} Kb8 {[%clk 00:25:15]} {[%emt
00:00:15]} 46. Rb1 {[%clk 00:48:05]} {[%emt 00:00:21]} Qc6 {[%clk 00:24:10]}
{[%emt 00:01:33]} 47. Qg3+ {[%clk 00:48:09]} {[%emt 00:00:26]} Ka8 {[%clk
00:24:18]} {[%emt 00:00:23]} 48. Qd3 {[%clk 00:47:52]} {[%emt 00:00:45]} a6
{[%clk 00:24:17]} {[%emt 00:00:33]} 49. Qc3 {[%clk 00:48:03]} {[%emt 00:00:18]}
Rd8 {[%clk 00:22:23]} {[%emt 00:02:25]} 50. Qd4 {[%clk 00:48:18]} {[%emt
00:00:15]} Na3 {[%clk 00:20:56]} {[%emt 00:01:57]} 51. Rb6 {[%clk 00:48:04]}
{[%emt 00:00:44]} Qc1+ {[%clk 00:21:13]} {[%emt 00:00:13]} 52. Kh2 {[%clk
00:48:28]} {[%emt 00:00:06]} Qc7+ {[%clk 00:21:27]} {[%emt 00:00:16]} 53. Kg1
{[%clk 00:48:36]} {[%emt 00:00:20]} Nb5 {[%clk 00:21:12]} {[%emt 00:00:48]} 54.
Qxf6 {[%clk 00:48:53]} {[%emt 00:00:13]} d4 {[%clk 00:21:27]} {[%emt 00:00:15]}
55. Re6 {[%clk 00:48:19]} {[%emt 00:01:04]} d3 {[%clk 00:21:38]} {[%emt
00:00:18]} 56. Re1 {[%clk 00:48:37]} {[%emt 00:00:11]} d2 {[%clk 00:21:36]}
{[%emt 00:00:32]} 57. Rd1 {[%clk 00:48:24]} {[%emt 00:00:44]} Nc3 {[%clk
00:21:25]} {[%emt 00:00:42]} 58. Rxd2 {[%clk 00:48:45]} {[%emt 00:00:09]} Rxd2
{[%clk 00:21:53]} {[%emt 00:00:02]} 59. Qh8+ {[%clk 00:49:04]} {[%emt
00:00:10]} Ka7 {[%clk 00:22:05]} {[%emt 00:00:19]} 60. Qh5 {[%clk 00:49:27]}
{[%emt 00:00:06]} Rd1+ {[%clk 00:22:27]} {[%emt 00:00:08]} 0-1

[Event "DEM U12 2023"]
[Site "Willingen GER"]
[Date "2023.06.01"]
[Round "7"]
[White "Bundan, Edward"]
[Black "Shen, Tingrui"]
[Result "1/2-1/2"]
[Termination "normal"]
[Board "3"]
[WhiteElo "1338"]
[BlackElo "1801"]
[WhiteClock "00:50:36"]
[BlackClock "00:00:54"]
[PlyCount "128"]
[WhiteFideId "34603042"]
[BlackFideId "34603441"]
[EventCountry "GER"]
[EventRounds "9"]
[EventType "swiss"]
[EventDate "2023.05.27"]

1. e4 {[%clk 01:30:58]} {[%emt 00:00:02]} c5 {[%clk 01:30:27]} {[%emt
00:00:33]} 2. Nf3 {[%clk 01:31:15]} {[%emt 00:00:13]} g6 {[%clk 01:29:51]}
{[%emt 00:01:06]} 3. d4 {[%clk 01:31:36]} {[%emt 00:00:10]} cxd4 {[%clk
01:28:42]} {[%emt 00:01:38]} 4. Qxd4 {[%clk 01:31:46]} {[%emt 00:00:19]} Nf6
{[%clk 01:28:05]} {[%emt 00:01:08]} 5. e5 {[%clk 01:31:29]} {[%emt 00:00:47]}
Nc6 {[%clk 01:28:00]} {[%emt 00:00:35]} 6. Qa4 {[%clk 01:31:42]} {[%emt
00:00:16]} Nd5 {[%clk 01:27:54]} {[%emt 00:00:37]} 7. Qb3 {[%clk 01:31:38]}
{[%emt 00:00:33]} Nb6 {[%clk 01:11:47]} {[%emt 00:16:38]} 8. a4 {[%clk
01:31:22]} {[%emt 00:00:46]} d6 {[%clk 01:05:14]} {[%emt 00:07:03]} 9. a5
{[%clk 01:30:38]} {[%emt 00:01:14]} Be6 {[%clk 00:50:06]} {[%emt 00:15:37]} 10.
Qb5 {[%clk 01:28:46]} {[%emt 00:02:22]} Nd7 {[%clk 00:44:47]} {[%emt 00:05:50]}
11. exd6 {[%clk 01:26:34]} {[%emt 00:02:42]} exd6 {[%clk 00:44:34]} {[%emt
00:00:42]} 12. a6 {[%clk 01:23:49]} {[%emt 00:03:16]} Rb8 {[%clk 00:35:48]}
{[%emt 00:09:16]} 13. axb7 {[%clk 01:22:49]} {[%emt 00:01:30]} Qc7 {[%clk
00:35:42]} {[%emt 00:00:37]} 14. Ra6 {[%clk 01:19:11]} {[%emt 00:04:07]} Nd8
{[%clk 00:21:22]} {[%emt 00:14:49]} 15. Rxa7 {[%clk 01:16:58]} {[%emt
00:02:44]} Qxc2 {[%clk 00:20:02]} {[%emt 00:01:50]} 16. Qg5 {[%clk 01:01:33]}
{[%emt 00:15:54]} Qxb1 {[%clk 00:18:58]} {[%emt 00:01:35]} 17. Ra8 {[%clk
01:00:21]} {[%emt 00:01:42]} Qe4+ {[%clk 00:18:52]} {[%emt 00:00:36]} 18. Be3
{[%clk 00:59:22]} {[%emt 00:01:29]} Rxa8 {[%clk 00:14:43]} {[%emt 00:04:39]}
19. bxa8=Q {[%clk 00:58:29]} {[%emt 00:01:22]} Qxa8 {[%clk 00:15:05]} {[%emt
00:00:08]} 20. Be2 {[%clk 00:58:04]} {[%emt 00:00:55]} Bg7 {[%clk 00:12:53]}
{[%emt 00:02:42]} 21. O-O {[%clk 00:57:44]} {[%emt 00:00:51]} O-O {[%clk
00:11:56]} {[%emt 00:01:26]} 22. b4 {[%clk 00:57:30]} {[%emt 00:00:45]} Qb7
{[%clk 00:07:47]} {[%emt 00:04:39]} 23. b5 {[%clk 00:57:19]} {[%emt 00:00:41]}
Nb6 {[%clk 00:07:22]} {[%emt 00:00:55]} 24. Rc1 {[%clk 00:57:03]} {[%emt
00:00:46]} Nd5 {[%clk 00:07:10]} {[%emt 00:00:41]} 25. Bd4 {[%clk 00:56:22]}
{[%emt 00:01:12]} f6 {[%clk 00:05:47]} {[%emt 00:01:52]} 26. Qd2 {[%clk
00:56:35]} {[%emt 00:00:17]} Nf7 {[%clk 00:05:43]} {[%emt 00:00:34]} 27. Ra1
{[%clk 00:56:15]} {[%emt 00:00:50]} Ra8 {[%clk 00:05:22]} {[%emt 00:00:52]} 28.
Rxa8+ {[%clk 00:56:14]} {[%emt 00:00:31]} Qxa8 {[%clk 00:05:46]} {[%emt
00:00:05]} 29. h3 {[%clk 00:56:28]} {[%emt 00:00:16]} Ne5 {[%clk 00:06:01]}
{[%emt 00:00:16]} 30. b6 {[%clk 00:56:22]} {[%emt 00:00:37]} Qb7 {[%clk
00:04:29]} {[%emt 00:02:01]} 31. Qa5 {[%clk 00:55:23]} {[%emt 00:01:29]} Nc6
{[%clk 00:03:26]} {[%emt 00:01:32]} 32. Qb5 {[%clk 00:53:42]} {[%emt 00:02:09]}
Kf7 {[%clk 00:03:34]} {[%emt 00:00:25]} 33. Bc4 {[%clk 00:53:15]} {[%emt
00:00:56]} Nde7 {[%clk 00:02:57]} {[%emt 00:01:08]} 34. Bxe6+ {[%emt 00:00:38]}
Kxe6 {[%clk 00:03:19]} {[%emt 00:00:06]} 35. Be3 {[%clk 00:53:05]} {[%emt
00:00:33]} Nf5 {[%clk 00:03:17]} {[%emt 00:00:33]} 36. Qc4+ {[%clk 00:52:46]}
{[%emt 00:00:49]} d5 {[%clk 00:03:36]} {[%emt 00:00:10]} 37. Qc5 {[%clk
00:52:48]} {[%emt 00:00:29]} Nxe3 {[%clk 00:03:38]} {[%emt 00:00:27]} 38. fxe3
{[%clk 00:52:26]} {[%emt 00:00:53]} h6 {[%clk 00:02:59]} {[%emt 00:01:09]} 39.
Nd4+ {[%clk 00:51:57]} {[%emt 00:00:59]} Nxd4 {[%clk 00:02:51]} {[%emt
00:00:38]} 40. exd4 {[%clk 00:52:07]} {[%emt 00:00:19]} f5 {[%clk 00:02:13]}
{[%emt 00:01:09]} 41. Kf2 {[%clk 00:52:26]} {[%emt 00:00:10]} Kd7 {[%clk
00:02:09]} {[%emt 00:00:34]} 42. Ke3 {[%clk 00:52:45]} {[%emt 00:00:12]} Qc6
{[%clk 00:24:32]} {[%emt 00:08:07]} 43. Qa5 {[%clk 01:22:42]} {[%emt 00:00:32]}
Qc1+ {[%clk 00:19:38]} {[%emt 00:05:23]} 44. Kf3 {[%clk 01:21:31]} {[%emt
00:01:40]} Qf1+ {[%clk 00:16:26]} {[%emt 00:03:43]} 45. Kg3 {[%clk 01:20:40]}
{[%emt 00:01:22]} Bf8 {[%clk 00:15:47]} {[%emt 00:01:10]} 46. Qa4+ {[%clk
01:18:33]} {[%emt 00:02:36]} Ke6 {[%clk 00:12:37]} {[%emt 00:03:40]} 47. Qe8+
{[%clk 01:17:55]} {[%emt 00:01:08]} Be7 {[%clk 00:12:55]} {[%emt 00:00:12]} 48.
Qxg6+ {[%clk 01:17:25]} {[%emt 00:01:00]} Kd7 {[%clk 00:12:53]} {[%emt
00:00:32]} 49. b7 {[%clk 01:13:17]} {[%emt 00:05:57]} Qb1 {[%clk 00:09:28]}
{[%emt 00:06:53]} 50. Qa6 {[%clk 01:09:21]} {[%emt 00:04:26]} Bd6+ {[%clk
00:06:36]} {[%emt 00:03:22]} 51. Kh4 {[%clk 01:08:08]} {[%emt 00:01:43]} f4
{[%clk 00:03:46]} {[%emt 00:03:21]} 52. Qa4+ {[%clk 01:01:36]} {[%emt
00:07:01]} Kc7 {[%clk 00:02:53]} {[%emt 00:01:24]} 53. Qa5+ {[%clk 01:00:15]}
{[%emt 00:01:52]} Kc6 {[%clk 00:02:56]} {[%emt 00:00:27]} 54. Qa4+ {[%clk
00:56:02]} {[%emt 00:04:43]} Qb5 {[%clk 00:03:12]} {[%emt 00:00:14]} 55. Qc2+
{[%clk 00:55:43]} {[%emt 00:00:47]} Kxb7 {[%clk 00:02:58]} {[%emt 00:00:45]}
56. Qh7+ {[%clk 00:55:37]} {[%emt 00:00:35]} Kc6 {[%clk 00:03:17]} {[%emt
00:00:12]} 57. Qxh6 {[%clk 00:54:49]} {[%emt 00:01:18]} Qd3 {[%clk 00:03:25]}
{[%emt 00:00:22]} 58. Qe6 {[%clk 00:53:51]} {[%emt 00:01:02]} Qxd4 {[%clk
00:03:22]} {[%emt 00:00:59]} 59. Qc8+ {[%clk 00:53:51]} {[%emt 00:00:30]} Kb5
{[%clk 00:03:35]} {[%emt 00:00:17]} 60. Qd7+ {[%clk 00:53:56]} {[%emt
00:00:25]} Kc5 {[%clk 00:03:55]} {[%emt 00:00:10]} 61. Qa7+ {[%clk 00:52:44]}
{[%emt 00:01:42]} Kc4 {[%clk 00:03:45]} {[%emt 00:00:40]} 62. Qa6+ {[%clk
00:51:20]} {[%emt 00:01:51]} Kc3 {[%clk 00:01:40]} {[%emt 00:02:37]} 63. Qxd6
{[%clk 00:51:09]} {[%emt 00:00:42]} f3+ {[%clk 00:00:50]} {[%emt 00:01:20]} 64.
Kg3 {[%clk 00:50:36]} {[%emt 00:01:02]} fxg2 {[%clk 00:00:54]} {[%emt
00:00:25]} 1/2-1/2

[Event "DEM U12 2023"]
[Site "Willingen GER"]
[Date "2023.06.01"]
[Round "7"]
[White "Ratushnyi, Viktor"]
[Black "Herrmann, Arthur"]
[Result "1/2-1/2"]
[Termination "normal"]
[Board "4"]
[WhiteElo "1627"]
[BlackElo "1875"]
[WhiteClock "00:06:24"]
[BlackClock "00:10:26"]
[PlyCount "73"]
[WhiteFideId "34167293"]
[BlackFideId "16287150"]
[EventCountry "GER"]
[EventRounds "9"]
[EventType "swiss"]
[EventDate "2023.05.27"]

1. e4 {[%clk 01:30:57]} {[%emt 00:00:02]} c6 {[%clk 01:30:57]} {[%emt
00:00:03]} 2. c4 {[%clk 01:31:20]} {[%emt 00:00:07]} d5 {[%clk 01:31:23]}
{[%emt 00:00:04]} 3. cxd5 {[%clk 01:31:46]} {[%emt 00:00:05]} cxd5 {[%clk
01:31:48]} {[%emt 00:00:05]} 4. exd5 {[%clk 01:32:12]} {[%emt 00:00:04]} Nf6
{[%clk 01:32:05]} {[%emt 00:00:13]} 5. Qa4+ {[%clk 01:32:35]} {[%emt 00:00:06]}
Nbd7 {[%clk 01:30:38]} {[%emt 00:01:57]} 6. Nc3 {[%clk 01:32:56]} {[%emt
00:00:09]} g6 {[%clk 01:29:28]} {[%emt 00:01:41]} 7. Nf3 {[%clk 01:33:15]}
{[%emt 00:00:10]} Bg7 {[%clk 01:28:35]} {[%emt 00:01:23]} 8. Bc4 {[%clk
01:33:02]} {[%emt 00:00:43]} O-O {[%clk 01:28:04]} {[%emt 00:01:02]} 9. d3
{[%clk 01:33:25]} {[%emt 00:00:07]} a6 {[%clk 01:15:23]} {[%emt 00:13:11]} 10.
Qa3 {[%clk 01:30:26]} {[%emt 00:03:29]} Nb6 {[%clk 01:05:20]} {[%emt 00:10:33]}
11. Qb3 {[%clk 01:30:25]} {[%emt 00:00:31]} Re8 {[%clk 00:56:45]} {[%emt
00:09:05]} 12. O-O {[%clk 01:30:10]} {[%emt 00:00:44]} e6 {[%clk 00:54:05]}
{[%emt 00:03:11]} 13. dxe6 {[%clk 01:23:54]} {[%emt 00:06:46]} Bxe6 {[%clk
00:54:06]} {[%emt 00:00:29]} 14. Bxe6 {[%clk 01:19:49]} {[%emt 00:04:34]} Rxe6
{[%clk 00:54:29]} {[%emt 00:00:08]} 15. Rd1 {[%clk 01:15:22]} {[%emt 00:04:56]}
Nbd5 {[%clk 00:51:10]} {[%emt 00:03:48]} 16. Bg5 {[%clk 01:03:39]} {[%emt
00:12:14]} Rb6 {[%clk 00:45:42]} {[%emt 00:05:59]} 17. Bxf6 {[%clk 00:50:06]}
{[%emt 00:14:01]} Nxf6 {[%clk 00:43:44]} {[%emt 00:02:29]} 18. Qc2 {[%clk
00:50:04]} {[%emt 00:00:33]} Rc8 {[%clk 00:41:43]} {[%emt 00:02:30]} 19. Qd2
{[%clk 00:48:24]} {[%emt 00:02:10]} Nd5 {[%clk 00:38:02]} {[%emt 00:04:11]} 20.
Rac1 {[%clk 00:37:16]} {[%emt 00:11:38]} Nxc3 {[%clk 00:27:13]} {[%emt
00:11:19]} 21. bxc3 {[%clk 00:37:33]} {[%emt 00:00:12]} Rbc6 {[%clk 00:27:15]}
{[%emt 00:00:28]} 22. c4 {[%clk 00:37:37]} {[%emt 00:00:26]} b5 {[%clk
00:26:20]} {[%emt 00:01:26]} 23. cxb5 {[%clk 00:31:53]} {[%emt 00:06:15]} axb5
{[%clk 00:23:11]} {[%emt 00:03:39]} 24. Rxc6 {[%clk 00:25:04]} {[%emt
00:07:19]} Rxc6 {[%clk 00:23:37]} {[%emt 00:00:04]} 25. Qe2 {[%clk 00:24:49]}
{[%emt 00:00:44]} Re6 {[%clk 00:18:24]} {[%emt 00:05:43]} 26. Qc2 {[%clk
00:24:45]} {[%emt 00:00:34]} Rd6 {[%clk 00:16:10]} {[%emt 00:02:44]} 27. Qb3
{[%clk 00:23:09]} {[%emt 00:02:06]} Qd7 {[%clk 00:15:32]} {[%emt 00:01:08]} 28.
h3 {[%clk 00:21:31]} {[%emt 00:02:07]} h5 {[%clk 00:13:41]} {[%emt 00:02:21]}
29. Ng5 {[%clk 00:12:38]} {[%emt 00:09:24]} Rd4 {[%clk 00:09:56]} {[%emt
00:04:13]} 30. Nf3 {[%clk 00:11:39]} {[%emt 00:01:31]} Rd6 {[%clk 00:09:56]}
{[%emt 00:00:29]} 31. Ng5 {[%clk 00:12:02]} {[%emt 00:00:08]} Rd4 {[%clk
00:10:06]} {[%emt 00:00:21]} 32. Nf3 {[%clk 00:12:28]} {[%emt 00:00:03]} Rd6
{[%clk 00:10:23]} {[%emt 00:00:12]} 33. d4 {[%clk 00:09:04]} {[%emt 00:03:56]}
Bxd4 {[%clk 00:09:14]} {[%emt 00:01:39]} 34. Nxd4 {[%clk 00:05:26]} {[%emt
00:04:08]} Rxd4 {[%clk 00:09:39]} {[%emt 00:00:04]} 35. Rxd4 {[%clk 00:05:51]}
{[%emt 00:00:05]} Qxd4 {[%clk 00:10:06]} {[%emt 00:00:04]} 36. Qxb5 {[%clk
00:06:16]} {[%emt 00:00:05]} Qa1+ {[%clk 00:10:26]} {[%emt 00:00:10]} 37. Kh2
{[%clk 00:06:24]} {[%emt 00:00:21]} 1/2-1/2